Prace Instytutu ekonomiki produkcji

Salvato in:
Dettagli Bibliografici
Natura: Libro
Lingua:polacco
Pubblicazione: Poznan Akademia Ekon. 1990
Edizione:1. wyd.
Serie:Zeszyty naukowe Zeszyt 137
Tags: Aggiungi Tag
Nessun Tag, puoi essere il primo ad aggiungerne!!

MARC

LEADER 00000nam a2200000 4500
001 c022152
005 20221215130248.9
041 0 |a pol 
044 |a PL 
245 1 0 |a Prace Instytutu ekonomiki produkcji 
250 |a 1. wyd. 
264 1 |a Poznan  |b Akademia Ekon.  |c 1990 
300 |a 134 s. 
490 1 |a Zeszyty naukowe  |v Zeszyt 137 
830 0 |a Zeszyty naukowe  |v Zeszyt 137